<?xml version="1.0" encoding="UTF-8"?>
<collection xmlns="http://www.loc.gov/MARC21/slim">
 <record>
  <leader>00961pamaa2200217   4500</leader>
  <controlfield tag="001">0000045253</controlfield>
  <controlfield tag="005">20090611090000.0</controlfield>
  <controlfield tag="008">090611                             eng  </controlfield>
  <datafield tag="020" ind1="0" ind2="0">
   <subfield code="a">9780007214693 (pbk.) </subfield>
  </datafield>
  <datafield tag="090" ind1="0" ind2="0">
   <subfield code="a">PQ9698.13.O3546.V3 </subfield>
   <subfield code="b">COE 2007</subfield>
  </datafield>
  <datafield tag="100" ind1="1" ind2="0">
   <subfield code="a">Coelho </subfield>
  </datafield>
  <datafield tag="240" ind1="0" ind2="0">
   <subfield code="a">Valkyrias</subfield>
  </datafield>
  <datafield tag="245" ind1="0" ind2="4">
   <subfield code="a">The valkyries  </subfield>
   <subfield code="c">Paulo Coelho; </subfield>
   <subfield code="f">translated by Alan R. Clarke.</subfield>
  </datafield>
  <datafield tag="250" ind1="0" ind2="0">
   <subfield code="a">1st ed.</subfield>
  </datafield>
  <datafield tag="260" ind1="0" ind2="0">
   <subfield code="a">London: </subfield>
   <subfield code="b">HarperCollins, </subfield>
   <subfield code="c">2007.</subfield>
  </datafield>
  <datafield tag="300" ind1=" " ind2=" ">
   <subfield code="a">212 p.; </subfield>
   <subfield code="c">18 cm.</subfield>
  </datafield>
  <datafield tag="505" ind1="0" ind2="0">
   <subfield code="a">&quot;In this autobiographical tale, we follow Coelho and his wife Chris on a 40-day spiritual journey through the Mojave Desert in search of the eternal feminine. Translation has an uncertain feel and suffers from too much editing, pruning, and rearranging of the original as well as occasional misreading&quot;--Handbook of Latin American Studies,v. 58</subfield>
  </datafield>
  <datafield tag="650" ind1="0" ind2="0">
   <subfield code="a">Angels -- </subfield>
   <subfield code="x">Miscellanea </subfield>
  </datafield>
  <datafield tag="650" ind1="0" ind2="0">
   <subfield code="a">Occultism </subfield>
  </datafield>
  <datafield tag="700" ind1="1" ind2="1">
   <subfield code="a">Clarke, </subfield>
   <subfield code="h">Alan R. </subfield>
  </datafield>
  <datafield tag="901" ind1=" " ind2=" ">
   <subfield code="u">http://www.harpercollins.co.uk</subfield>
  </datafield>
 </record>
</collection>
